000 00658nam a2200193Ia 4500
008 151121s9999||||xx |||||||||||||| ||und||
082 _a650/ढापरे
082 _bHNW-114107
100 _aढापरे प्रसाद
245 _aवेळेचे व्यवस्थापन
260 _b"मिरर प्रकाशन, पुणे।"
260 _c2013
300 _a112
600 _aढापरे प्रसाद
630 _aवेळेचे व्यवस्थापन
700 _aढापरे प्रसाद
730 _aवेळेचे व्यवस्थापन
942 _cBOOK
999 _c1263147
_d1263144